Miasta - gospodarze MŚ w Narciarstwie Klasycznym - Statystyki

Ogólne statystyki
  • Ten quiz został rozwiązany 51 razy
    27 od ostatniego zresetowania
  • Średni wynik to 14 z 23
Statystyki odpowiedzi
Ile razy Rok Państwo Miasto % Poprawnych
4 1930, 1966, 1982, 2011 Norwegia Oslo
96%
3 1929, 1939, 1962 Polska Zakopane
92%
7 1926,1938, 1958, 1978, 1989, 2001, 2017 Finlandia Lahti
88%
1 2007 Japonia Sapporo
88%
5 1954, 1974, 1980, 1993, 2015 Szwecja Falun
84%
1 2009 Czechy Liberec
76%
2 2005, 2021 Niemcy Oberstdorf
76%
1 2023 Słowenia Planica
76%
2 1985, 2019 Austria Seefeld
76%
1 1933 Austria Innsbruck
72%
1 1950 Stany Zjednoczone Lake Placid
72%
3 1991, 2003, 2013 Włochy Val di Fiemme
72%
1 1997 Norwegia Trondheim
68%
1 1984 Szwajcaria Engelberg
64%
1 1999 Austria Ramsau
56%
1 1937 Francja Chamonix
48%
1 1995 Kanada Thunder Bay
48%
1 1984 Finlandia Rovaniemi
36%
1 1927 Włochy Cortina d’Ampezzo
32%
1 1931 Niemcy Oberhof
24%
2 1935, 1970 Czechosłowacja Wysokie Tatry
12%
1 1925 Czechosłowacja Jańskie Łaźnie
8%
1 1934 Szwecja Solleftea
8%
Nie znaleziono quizów pasujących do podanych kryteriów
Rozkład punktacji
Procent ludzi z każdym wynikiem
Percentyl według liczby udzielonych odpowiedzi
Twoja historia wyników
Nie rozwiązałeś tego quizu od ostatniego zresetowania